| 000 | 00394nam a2200145 a 4500 | ||
|---|---|---|---|
| 001 | 279 | ||
| 003 | CDMR | ||
| 005 | 20130306110929.0 | ||
| 008 | 130130s2007||||||||||||||||||||||||||||d | ||
| 040 |
_aCDMR _bcat _cCPC LLEIDA |
||
| 100 | 1 |
_aBoix Sin, Blanca _9201 |
|
| 245 | 1 | 0 |
_aArties, una vila aranesa a l'antic règim _cBOIX SIN, Blanca |
| 260 |
_aLleida _c2007 _bDiputació de Lleida |
||
| 942 |
_cMON _2udc |
||
| 999 |
_c279 _d279 |
||